Introduction to Radar Systems (Record no. 6347)
[ view plain ]
| 000 -LEADER | |
|---|---|
| fixed length control field | 00293nam a2200121Ia 4500 |
| 008 - FIXED-LENGTH DATA ELEMENTS--GENERAL INFORMATION | |
| fixed length control field | 191201s2009 xx 000 0 und d |
| 100 ## - MAIN ENTRY--PERSONAL NAME | |
| Personal name | SKOLNIK, Merrill |
| 245 #0 - TITLE STATEMENT | |
| Title | Introduction to Radar Systems |
| 260 ## - PUBLICATION, DISTRIBUTION, ETC. (IMPRINT) | |
| Place of publication, distribution, etc | N. Delhi |
| Name of publisher, distributor, etc | TMH |
| Date of publication, distribution, etc | 2009 |
| 300 ## - PHYSICAL DESCRIPTION | |
| Extent | 774 |
| 650 ## - SUBJECT ADDED ENTRY--TOPICAL TERM | |
| Topical term or geographic name as entry element | B.Tech(ECE) |
| 942 ## - ADDED ENTRY ELEMENTS (KOHA) | |
| Source of classification or shelving scheme | Dewey Decimal Classification |
| Koha item type | Text Books |
| Withdrawn status | Lost status | Source of classification or shelving scheme | Damaged status | Not for loan | Collection code | Home library | Current library | Date acquired | Source of acquisition | Cost, normal purchase price | Bill Number | Total Checkouts | Full call number | Acc. no. / Barcode | Date last seen | Date last borrowed | Actual Cost, discounted price | Bill Date | Koha item type |
|---|---|---|---|---|---|---|---|---|---|---|---|---|---|---|---|---|---|---|---|
| Dewey Decimal Classification | B.Tech(ECE) | PIET C-LIBRARY | PIET C-LIBRARY | 29/05/2015 | PANKAJ BOOK DEPOT PANIPAT | 500.00 | AS390 | 2 | 621.3848 SKI | 26449 | 24/05/2021 | 23/02/2021 | 335.00 | 25/05/2015 | Text Books | ||||
| Dewey Decimal Classification | B.Tech(ECE) | PIET C-LIBRARY | PIET C-LIBRARY | 29/05/2015 | PANKAJ BOOK DEPOT PANIPAT | 500.00 | AS390 | 621.3848 SKI | 26450 | 04/12/2019 | 335.00 | 25/05/2015 | Text Books | ||||||
| Dewey Decimal Classification | B.Tech(ECE) | PIET C-LIBRARY | PIET C-LIBRARY | 29/05/2015 | PANKAJ BOOK DEPOT PANIPAT | 500.00 | AS390 | 621.3848 SKI | 26451 | 04/12/2019 | 335.00 | 25/05/2015 | Text Books | ||||||
| Dewey Decimal Classification | B.Tech(ECE) | PIET C-LIBRARY | PIET C-LIBRARY | 29/05/2015 | PANKAJ BOOK DEPOT PANIPAT | 500.00 | AS390 | 621.3848 SKI | 26452 | 04/12/2019 | 335.00 | 25/05/2015 | Text Books | ||||||
| Dewey Decimal Classification | B.Tech(ECE) | PIET C-LIBRARY | PIET C-LIBRARY | 29/05/2015 | PANKAJ BOOK DEPOT PANIPAT | 500.00 | AS390 | 621.3848 SKI | 26453 | 04/12/2019 | 335.00 | 25/05/2015 | Text Books | ||||||
| Dewey Decimal Classification | B.Tech(ECE) | PIET C-LIBRARY | PIET C-LIBRARY | 29/05/2015 | PANKAJ BOOK DEPOT PANIPAT | 500.00 | AS390 | 621.3848 SKI | 26454 | 04/12/2019 | 335.00 | 25/05/2015 | Text Books | ||||||
| Dewey Decimal Classification | B.Tech(ECE) | PIET C-LIBRARY | PIET C-LIBRARY | 29/05/2015 | PANKAJ BOOK DEPOT PANIPAT | 500.00 | AS390 | 621.3848 SKI | 26455 | 04/12/2019 | 335.00 | 25/05/2015 | Text Books | ||||||
| Dewey Decimal Classification | B.Tech(ECE) | PIET C-LIBRARY | PIET C-LIBRARY | 29/05/2015 | PANKAJ BOOK DEPOT PANIPAT | 500.00 | AS390 | 621.3848 SKI | 26456 | 04/12/2019 | 335.00 | 25/05/2015 | Text Books |